[Event "Mitropa Cup 29th"]
[Site "Chur"]
[Date "2010.06.06"]
[Round "9"]
[White "Meszaros, Michal"]
[Black "Papp, Gabor"]
[Result "1/2-1/2"]
[WhiteElo "2393"]
[BlackElo "2534"]
[PlyCount "43"]
[EventDate "2010.05.29"]
[EventType "team-tourn"]
[EventRounds "9"]
[EventCountry "SUI"]
[Source "ChessBase"]
[SourceDate "2010.07.02"]
[WhiteTeam "Slovakia"]
[BlackTeam "Hungary"]
[WhiteTeamCountry "SVK"]
[BlackTeamCountry "HUN"]

1. d4 Nf6 2. Nf3 e6 3. g3 d5 4. Bg2 Be7 5. O-O O-O 6. c4 dxc4 7. Qc2 a6 8. Qxc4
b5 9. Qc2 Bb7 10. Bd2 Bd6 11. a3 Nbd7 12. b4 Nb6 13. Re1 Be4 14. Qc1 Nfd5 15.
Nc3 Nxc3 16. Bxc3 Nc4 17. Nd2 Nxd2 18. Qxd2 Bxg2 19. Kxg2 Qe7 20. e4 c6 21.
Rac1 Rac8 22. Bb2 1/2-1/2

[Event "Mitropa Cup 29th"]
[Site "Chur"]
[Date "2010.06.06"]
[Round "9"]
[White "Pap, Gyula"]
[Black "Pacher, Milan"]
[Result "1-0"]
[WhiteElo "2496"]
[BlackElo "2396"]
[PlyCount "71"]
[EventDate "2010.05.29"]
[EventType "team-tourn"]
[EventRounds "9"]
[EventCountry "SUI"]
[Source "ChessBase"]
[SourceDate "2010.07.02"]
[WhiteTeam "Hungary"]
[BlackTeam "Slovakia"]
[WhiteTeamCountry "HUN"]
[BlackTeamCountry "SVK"]

1. d4 d5 2. c4 c6 3. Nf3 Nf6 4. e3 Bg4 5. Qb3 Qb6 6. Nc3 e6 7. Nh4 Nbd7 8. h3
Bh5 9. g4 Bg6 10. Nxg6 hxg6 11. Bg2 Qxb3 12. axb3 a6 13. Bd2 O-O-O 14. O-O-O
Bb4 15. Kc2 Bxc3 16. bxc3 e5 17. cxd5 cxd5 18. c4 exd4 19. exd4 Nb8 20. Bg5
dxc4 21. bxc4 Rhe8 22. Kc3 Rd7 23. Rhe1 Rde7 24. Rxe7 Rxe7 25. Kd3 b6 26. Rb1
Nbd7 27. Bf4 Ne8 28. Ra1 a5 29. c5 bxc5 30. Rxa5 Nc7 31. Bd6 c4+ 32. Kxc4 Re6
33. Bg3 Re1 34. Ra7 Nb6+ 35. Kd3 Nb5 36. Rb7 1-0

[Event "Mitropa Cup 29th"]
[Site "Chur"]
[Date "2010.06.06"]
[Round "9"]
[White "Petenyi, Tamas"]
[Black "Sipos, Istvan"]
[Result "1/2-1/2"]
[WhiteElo "2381"]
[BlackElo "2461"]
[PlyCount "169"]
[EventDate "2010.05.29"]
[EventType "team-tourn"]
[EventRounds "9"]
[EventCountry "SUI"]
[Source "ChessBase"]
[SourceDate "2010.07.02"]
[WhiteTeam "Slovakia"]
[BlackTeam "Hungary"]
[WhiteTeamCountry "SVK"]
[BlackTeamCountry "HUN"]

1. e4 c5 2. Nf3 d6 3. d4 cxd4 4. Nxd4 Nf6 5. Nc3 a6 6. Be3 e5 7. Nb3 Be6 8. f3
Be7 9. Qd2 O-O 10. O-O-O a5 11. Bb5 Nbd7 12. g4 Nb6 13. Qe2 Qc7 14. Kb1 Rfc8
15. a4 Nc4 16. Bxc4 Bxc4 17. Qf2 Qc6 18. g5 Nd7 19. Nd2 Be6 20. Rc1 Bd8 21. Nb5
Nb6 22. Bxb6 Bxb6 23. Qe2 d5 24. exd5 Qxd5 25. b3 Qc5 26. Rhe1 Rd8 27. Ne4 Qb4
28. Red1 Bd4 29. Qe1 Qe7 30. Nxd4 exd4 31. Qf2 Qb4 32. Qd2 Qa3 33. Qd3 b5 34.
Nc3 bxa4 35. Nxa4 Rab8 36. Nb2 a4 37. Qa6 Ra8 38. Rxd4 Rf8 39. Qd6 axb3 40.
Qxa3 Rxa3 41. cxb3 Rxb3 42. Rf4 Rfb8 43. Rc2 g6 44. Kc1 Bf5 45. Rd2 Ra8 46. Kd1
Ra1+ 47. Ke2 Rh1 48. Rh4 Rg1 49. Kf2 Rxg5 50. f4 Rg4 51. Rxg4 Bxg4 52. Nd3 Kg7
53. Ne5 Be6 54. Rd3 Rb2+ 55. Kg3 h5 56. Nf3 Rb4 57. Ra3 Kf6 58. h4 Bd5 59. Ng5
Rb2 60. Ra5 Rb3+ 61. Kf2 Rb2+ 62. Kg3 Rd2 63. Rc5 Rg2+ 64. Kh3 Rd2 65. Kg3 Ke7
66. Ra5 f6 67. Ra7+ Kd6 68. Ra6+ Ke7 69. Ra7+ Kd8 70. Nf7+ Kc8 71. Nd6+ Kb8 72.
Rg7 Rg2+ 73. Kh3 Rg4 74. f5 gxf5 75. Rxg4 fxg4+ 76. Kg3 Bc6 77. Nf5 Be8 78. Kf4
Kc7 79. Ng3 Bg6 80. Ne2 Kd6 81. Kg3 Ke5 82. Nf4 Bf7 83. Ng2 f5 84. Nf4 Ke4 85.
Ng2 1/2-1/2

[Event "Mitropa Cup 29th"]
[Site "Chur"]
[Date "2010.06.06"]
[Round "9"]
[White "Rapport, Richard"]
[Black "Jurcik, Marian"]
[Result "0-1"]
[WhiteElo "2509"]
[BlackElo "2487"]
[PlyCount "64"]
[EventDate "2010.05.29"]
[EventType "team-tourn"]
[EventRounds "9"]
[EventCountry "SUI"]
[Source "ChessBase"]
[SourceDate "2010.07.02"]
[WhiteTeam "Hungary"]
[BlackTeam "Slovakia"]
[WhiteTeamCountry "HUN"]
[BlackTeamCountry "SVK"]

1. d4 d5 2. c4 c6 3. cxd5 cxd5 4. Nc3 Nc6 5. Nf3 Nf6 6. Bf4 a6 7. Rc1 Bf5 8. e3
Rc8 9. Be2 e6 10. O-O Bd6 11. Bxd6 Qxd6 12. Na4 O-O 13. Nc5 Rb8 14. Qb3 Qe7 15.
Qa4 Rfc8 16. Nxa6 bxa6 17. Rxc6 Rxc6 18. Qxc6 Rxb2 19. Qc8+ Qf8 20. Qxa6 Qb8
21. Ne5 h5 22. a4 Ng4 23. Bxg4 hxg4 24. Nd7 Qb4 25. Qc8+ Kh7 26. Qe8 Rb1 27. f3
gxf3 28. Qd8 f2+ 29. Kxf2 Qd2+ 30. Kg3 Qxe3+ 31. Rf3 Qe1+ 32. Rf2 Rb3+ 0-1

[Event "Mitropa Cup 29th"]
[Site "Chur"]
[Date "2010.06.06"]
[Round "9"]
[White "Hug, Werner"]
[Black "Brunello, Sabino"]
[Result "1/2-1/2"]
[WhiteElo "2463"]
[BlackElo "2467"]
[PlyCount "20"]
[EventDate "2010.05.29"]
[EventType "team-tourn"]
[EventRounds "9"]
[EventCountry "SUI"]
[Source "ChessBase"]
[SourceDate "2010.07.02"]
[WhiteTeam "Switzerland"]
[BlackTeam "Italy"]
[WhiteTeamCountry "SUI"]
[BlackTeamCountry "ITA"]

1. d4 Nf6 2. Nf3 e6 3. Bg5 h6 4. Bh4 c5 5. e3 Nc6 6. c3 Be7 7. Nbd2 cxd4 8.
exd4 Nd5 9. Bxe7 Ncxe7 10. Bc4 O-O 1/2-1/2

[Event "Mitropa Cup 29th"]
[Site "Chur"]
[Date "2010.06.06"]
[Round "9"]
[White "Vocaturo, Daniele"]
[Black "Gallagher, Joseph G"]
[Result "1/2-1/2"]
[WhiteElo "2493"]
[BlackElo "2493"]
[PlyCount "20"]
[EventDate "2010.05.29"]
[EventType "team-tourn"]
[EventRounds "9"]
[EventCountry "SUI"]
[Source "ChessBase"]
[SourceDate "2010.07.02"]
[WhiteTeam "Italy"]
[BlackTeam "Switzerland"]
[WhiteTeamCountry "ITA"]
[BlackTeamCountry "SUI"]

1. e4 c5 2. Nf3 d6 3. d4 cxd4 4. Nxd4 Nf6 5. Nc3 a6 6. Bg5 Nc6 7. Qd2 e6 8.
O-O-O Bd7 9. f3 h6 10. Be3 b5 1/2-1/2

[Event "Mitropa Cup (Women) 8th"]
[Site "Merlimont"]
[Date "2011.10.08"]
[Round "1"]
[White "Kessler, Michaela"]
[Black "Osmanodja, Filiz"]
[Result "0-1"]
[WhiteElo "2018"]
[BlackElo "2039"]
[PlyCount "98"]
[EventDate "2011.10.08"]
[EventType "team-tourn"]
[EventRounds "10"]
[EventCountry "FRA"]
[Source "ChessBase"]
[SourceDate "2011.10.28"]
[WhiteTeam "Austria (W)"]
[BlackTeam "Germany (W)"]
[WhiteTeamCountry "AUT"]
[BlackTeamCountry "GER"]

1. e4 c5 2. Nf3 d6 3. d4 cxd4 4. Nxd4 Nf6 5. Nc3 Nc6 6. Bc4 e6 7. Be3 Be7 8.
Qe2 O-O 9. O-O-O Bd7 10. f4 Rc8 11. e5 dxe5 12. Nxc6 bxc6 13. fxe5 Nd5 14. Ne4
Qa5 15. Kb1 Rb8 16. Bc1 Qb4 17. Bb3 a5 18. c4 a4 19. Bc2 Bg5 20. a3 Qb6 21.
Bxa4 Bxc1 22. Kxc1 Nf4 23. Qc2 Rfd8 24. Rhf1 Ng6 25. c5 Qa6 26. Ng5 Be8 27. h4
Rxd1+ 28. Rxd1 h6 29. h5 Nxe5 30. Qh7+ Kf8 31. Qh8+ Ke7 32. Nh7 Nd3+ 33. Kd2
Qxa4 34. Qf8+ Kd7 35. Qd6+ Kc8 36. Qxd3 Rxb2+ 37. Kc1 Qb3 38. Qa6+ Qb7 39. Qd3
Qb3 40. Qa6+ Qb7 41. Qd3 Qb5 42. Qd8+ Kb7 43. Qe7+ Ka6 44. Rd8 Rb1+ 45. Kd2
Qb2+ 46. Ke3 Qe5+ 47. Kd2 Rb2+ 48. Kd3 Qe2+ 49. Kc3 Rc2+ 0-1

[Event "Mitropa Cup (Women) 8th"]
[Site "Merlimont"]
[Date "2011.10.08"]
[Round "1"]
[White "Ohme, Melanie"]
[Black "Novkovic, Julia"]
[Result "1-0"]
[WhiteElo "2344"]
[BlackElo "2053"]
[PlyCount "61"]
[EventDate "2011.10.08"]
[EventType "team-tourn"]
[EventRounds "10"]
[EventCountry "FRA"]
[Source "ChessBase"]
[SourceDate "2011.10.28"]
[WhiteTeam "Germany (W)"]
[BlackTeam "Austria (W)"]
[WhiteTeamCountry "GER"]
[BlackTeamCountry "AUT"]

1. e4 c5 2. Nf3 Nc6 3. Bb5 g6 4. O-O Bg7 5. c3 a6 6. Ba4 b5 7. Bc2 d6 8. h3 e5
9. Re1 Nge7 10. d3 O-O 11. Be3 Qc7 12. a4 Rb8 13. axb5 axb5 14. Bb3 Nd8 15. d4
c4 16. Bc2 Ne6 17. Nbd2 exd4 18. cxd4 d5 19. e5 Nc6 20. Nf1 f6 21. exf6 Rxf6
22. N1h2 Nb4 23. Ng4 Rxf3 24. gxf3 Nxc2 25. Qxc2 Qf7 26. Qd1 Nf4 27. Bxf4 Qxf4
28. Re8+ Bf8 29. Qe2 Kf7 30. Ra7+ Kg8 31. Rxc8 1-0

[Event "Mitropa Cup (Women) 8th"]
[Site "Merlimont"]
[Date "2011.10.08"]
[Round "1"]
[White "Mareckova, Martina"]
[Black "Brunello, Marina"]
[Result "0-1"]
[WhiteElo "2153"]
[BlackElo "2215"]
[PlyCount "74"]
[EventDate "2011.10.08"]
[EventType "team-tourn"]
[EventRounds "10"]
[EventCountry "FRA"]
[Source "ChessBase"]
[SourceDate "2011.10.28"]
[WhiteTeam "Czech Republic (W)"]
[BlackTeam "Italy (W)"]
[WhiteTeamCountry "CZE"]
[BlackTeamCountry "ITA"]

1. e4 c5 2. Nc3 d6 3. g3 g6 4. Bg2 Bg7 5. d3 Nc6 6. Be3 Rb8 7. Qd2 b5 8. Nge2
b4 9. Nd1 Qb6 10. O-O Ne5 11. f4 Ng4 12. h3 Nxe3 13. Nxe3 e6 14. Rae1 Ne7 15.
f5 Bh6 16. fxe6 Bxe6 17. Nf4 O-O 18. Nxe6 fxe6 19. Rxf8+ Rxf8 20. Qe2 Qd8 21.
Nc4 Nc6 22. Qg4 Qe7 23. Bf3 Nd4 24. Bd1 Qf6 25. Kh1 d5 26. exd5 exd5 27. c3 Qf2
28. Rg1 Nf5 29. Ne5 Be3 30. Rg2 Qe1+ 31. Kh2 Bf2 32. Bf3 Bxg3+ 33. Rxg3 Qxe5
34. d4 cxd4 35. cxd4 Qxg3+ 36. Qxg3 Nxg3 37. Kxg3 Kg7 0-1

[Event "Mitropa Cup (Women) 8th"]
[Site "Merlimont"]
[Date "2011.10.08"]
[Round "1"]
[White "Zimina, Olga"]
[Black "Olsarova, Tereza"]
[Result "1/2-1/2"]
[WhiteElo "2337"]
[BlackElo "2244"]
[PlyCount "90"]
[EventDate "2011.10.08"]
[EventType "team-tourn"]
[EventRounds "10"]
[EventCountry "FRA"]
[Source "ChessBase"]
[SourceDate "2011.10.28"]
[WhiteTeam "Italy (W)"]
[BlackTeam "Czech Republic (W)"]
[WhiteTeamCountry "ITA"]
[BlackTeamCountry "CZE"]

1. e4 e5 2. Nf3 Nc6 3. Bc4 Nf6 4. d3 Be7 5. O-O O-O 6. Re1 d6 7. a4 Kh8 8. a5
a6 9. c3 Ng8 10. d4 exd4 11. cxd4 Bg4 12. Be2 f5 13. e5 dxe5 14. dxe5 Bb4 15.
Bd2 Qe7 16. Qb3 Rfe8 17. Bxb4 Qxb4 18. Qxb4 Nxb4 19. Na3 Ne7 20. Rad1 Nec6 21.
Nc4 h6 22. h3 Bxf3 23. Bxf3 Re7 24. Rd2 Rae8 25. Bh5 Nxe5 26. Nxe5 Rxe5 27.
Rxe5 Rxe5 28. Rd7 Kh7 29. Rxc7 f4 30. Bf3 Nd3 31. Rxb7 Re1+ 32. Kh2 Nxf2 33. g4
Re3 34. Bg2 Nd3 35. Bf1 Nc5 36. Rf7 Rb3 37. Rxf4 Rxb2+ 38. Bg2 Ra2 39. Rf8 Rxa5
40. Bd5 Kg6 41. h4 Ra4 42. Kh3 Ra3+ 43. Kg2 Ra4 44. Kh3 Ra3+ 45. Kg2 Ra4
1/2-1/2

[Event "Mitropa Cup (Women) 8th"]
[Site "Merlimont"]
[Date "2011.10.08"]
[Round "1"]
[White "Bea, Boglarka"]
[Black "Motycakova, Monika"]
[Result "1/2-1/2"]
[WhiteElo "2113"]
[BlackElo "2102"]
[PlyCount "105"]
[EventDate "2011.10.08"]
[EventType "team-tourn"]
[EventRounds "10"]
[EventCountry "FRA"]
[Source "ChessBase"]
[SourceDate "2011.10.28"]
[WhiteTeam "Hungary (W)"]
[BlackTeam "Slovakia (W)"]
[WhiteTeamCountry "HUN"]
[BlackTeamCountry "SVK"]

1. e4 e5 2. Nf3 Nc6 3. Bb5 a6 4. Ba4 Nf6 5. O-O Be7 6. Re1 b5 7. Bb3 d6 8. c3
O-O 9. d4 Bg4 10. Be3 exd4 11. cxd4 Na5 12. Bc2 c5 13. Nbd2 Nd7 14. h3 Bh5 15.
d5 Re8 16. g4 Bg6 17. Nh2 h6 18. Rb1 Bf6 19. Nhf1 Nc4 20. Nxc4 bxc4 21. Ng3 Rb8
22. Qe2 Qa5 23. b3 Qxa2 24. Qxc4 Nb6 25. Qd3 Nxd5 26. Qxd5 Qxc2 27. Qxd6 Rxb3
28. Rbc1 Qd3 29. Qxc5 Be5 30. Nf5 Bxf5 31. exf5 Rc3 32. Rxc3 Qxc3 33. Rc1 Qxc5
34. Rxc5 f6 35. Kf1 Kf7 36. Bd2 Rd8 37. Ke2 Rd7 38. f4 Bd4 39. Rc6 Ra7 40. Ba5
Ke7 41. Kd3 Bf2 42. Ke4 Rb7 43. Kf3 Kd7 44. Rxa6 Bc5 45. Be1 Rb3+ 46. Kg2 Rb2+
47. Kg3 Re2 48. Ra1 Re3+ 49. Kg2 Re2+ 50. Kh1 Re3 51. Kg2 Re2+ 52. Kh1 Re3 53.
Kg2 1/2-1/2

[Event "Mitropa Cup (Women) 8th"]
[Site "Merlimont"]
[Date "2011.10.08"]
[Round "1"]
[White "Machalova, Maria"]
[Black "Varga, Klara"]
[Result "1-0"]
[WhiteElo "2184"]
[BlackElo "2183"]
[PlyCount "83"]
[EventDate "2011.10.08"]
[EventType "team-tourn"]
[EventRounds "10"]
[EventCountry "FRA"]
[Source "ChessBase"]
[SourceDate "2011.10.28"]
[WhiteTeam "Slovakia (W)"]
[BlackTeam "Hungary (W)"]
[WhiteTeamCountry "SVK"]
[BlackTeamCountry "HUN"]

1. c4 e5 2. Nc3 Nf6 3. g3 h6 4. Bg2 Bb4 5. d3 Bxc3+ 6. bxc3 d6 7. e4 O-O 8. Ne2
Be6 9. O-O Qc8 10. f4 exf4 11. gxf4 Bh3 12. f5 Bxg2 13. Kxg2 Nbd7 14. Ng3 Qe8
15. Bf4 Nc5 16. Qf3 Kh7 17. Rae1 g5 18. Bc1 Qc6 19. Nh5 Nxh5 20. Qxh5 Rg8 21.
Rf3 Rg7 22. Rh3 d5 23. cxd5 Qa6 24. Qe2 Re8 25. Kh1 Qf6 26. Bd2 b6 27. Qg2 Nb7
28. d4 Na5 29. Qf1 Rgg8 30. e5 Qg7 31. f6 Qg6 32. e6 fxe6 33. dxe6 Rgf8 34. Rf3
g4 35. Rf2 Qh5 36. Qd3+ Qg6 37. Qxg6+ Kxg6 38. f7 Re7 39. d5 Nc4 40. Ree2 Nd6
41. Rf4 Nxf7 42. Ref2 1-0

[Event "Mitropa Cup (Women) 8th"]
[Site "Merlimont"]
[Date "2011.10.09"]
[Round "2"]
[White "Motycakova, Monika"]
[Black "Hapala, Lisa"]
[Result "1-0"]
[WhiteElo "2102"]
[BlackElo "1931"]
[PlyCount "69"]
[EventDate "2011.10.08"]
[EventType "team-tourn"]
[EventRounds "10"]
[EventCountry "FRA"]
[Source "ChessBase"]
[SourceDate "2011.10.28"]
[WhiteTeam "Slovakia (W)"]
[BlackTeam "Austria (W)"]
[WhiteTeamCountry "SVK"]
[BlackTeamCountry "AUT"]

1. e4 e5 2. Nf3 Nc6 3. Bb5 a6 4. Ba4 Nf6 5. O-O Be7 6. Re1 b5 7. Bb3 d6 8. c3
O-O 9. d4 Bg4 10. Be3 exd4 11. cxd4 d5 12. e5 Ne4 13. Nc3 Nxc3 14. bxc3 Qd7 15.
h3 Bh5 16. g4 Bg6 17. Nd2 f5 18. f4 fxg4 19. hxg4 Bh4 20. Qf3 Rad8 21. Re2 Na5
22. Qh3 Be7 23. f5 Be8 24. Bc2 g6 25. fxg6 Bxg6 26. Bxg6 hxg6 27. Rh2 Ba3 28.
e6 Qg7 29. Bh6 Qh7 30. Qe3 Qe7 31. Bg5 Rf6 32. Bxf6 Qxf6 33. Rf1 Qe7 34. Rf7
Qd6 35. Rh8+ 1-0

[Event "Mitropa Cup (Women) 8th"]
[Site "Merlimont"]
[Date "2011.10.09"]
[Round "2"]
[White "Novkovic, Julia"]
[Black "Machalova, Maria"]
[Result "1-0"]
[WhiteElo "2053"]
[BlackElo "2184"]
[PlyCount "87"]
[EventDate "2011.10.08"]
[EventType "team-tourn"]
[EventRounds "10"]
[EventCountry "FRA"]
[Source "ChessBase"]
[SourceDate "2011.10.28"]
[WhiteTeam "Austria (W)"]
[BlackTeam "Slovakia (W)"]
[WhiteTeamCountry "AUT"]
[BlackTeamCountry "SVK"]

1. e4 c5 2. Nf3 Nc6 3. d4 cxd4 4. Nxd4 g6 5. Nc3 Bg7 6. Be3 Nf6 7. Bc4 O-O 8.
Bb3 Qa5 9. O-O d6 10. h3 Bd7 11. Re1 Rfd8 12. Qd2 Nxd4 13. Bxd4 Bc6 14. Rad1
Rd7 15. Bxf6 Bxf6 16. Nd5 Qxd2 17. Nxf6+ exf6 18. Rxd2 Re8 19. Red1 Rxe4 20.
Rxd6 Rxd6 21. Rxd6 Kg7 22. Rd2 Re1+ 23. Kh2 a5 24. Bd5 Bxd5 25. Rxd5 b6 26. Rb5
Re6 27. Kg3 f5 28. c4 h6 29. a4 Kf6 30. c5 bxc5 31. Rxa5 Rb6 32. Rb5 Rxb5 33.
axb5 Ke5 34. Kf3 Kd5 35. Ke3 f6 36. Kd3 h5 37. Kc3 f4 38. f3 h4 39. Kb3 g5 40.
Ka4 f5 41. b6 Kc6 42. Ka5 Kb7 43. b3 g4 44. Kb5 1-0

[Event "Mitropa Cup (Women) 8th"]
[Site "Merlimont"]
[Date "2011.10.09"]
[Round "2"]
[White "Bea, Boglarka"]
[Black "Mareckova, Martina"]
[Result "1/2-1/2"]
[WhiteElo "2113"]
[BlackElo "2153"]
[PlyCount "98"]
[EventDate "2011.10.08"]
[EventType "team-tourn"]
[EventRounds "10"]
[EventCountry "FRA"]
[Source "ChessBase"]
[SourceDate "2011.10.28"]
[WhiteTeam "Hungary (W)"]
[BlackTeam "Czech Republic (W)"]
[WhiteTeamCountry "HUN"]
[BlackTeamCountry "CZE"]

1. e4 e5 2. Nf3 Nc6 3. Bb5 a6 4. Ba4 d6 5. Bxc6+ bxc6 6. d4 f6 7. Nc3 Ne7 8.
Be3 Ng6 9. Qd2 Be7 10. O-O-O Bd7 11. h4 h5 12. dxe5 fxe5 13. Ng5 Bf6 14. g3 Qe7
15. Qd3 Bxg5 16. Bxg5 Qf7 17. f3 Be6 18. b3 O-O 19. Rdf1 a5 20. a4 Rab8 21. f4
exf4 22. gxf4 Bg4 23. Qa6 d5 24. Qxc6 dxe4 25. Qxe4 Rfe8 26. Qd5 Qxd5 27. Nxd5
c6 28. Nc3 Bf5 29. Rd1 Re3 30. Kb2 Rf3 31. Rd6 Rf2 32. Rc1 Nxf4 33. Nd1 Rf3 34.
Ne3 Rxe3 35. Bxf4 Re4 36. Bg3 Rxa4 37. Rxc6 Rb7 38. Rc5 g6 39. Be1 Re4 40. Rxa5
Rbe7 41. Bc3 Rc7 42. Ra8+ Kf7 43. Rh8 Rc6 44. Ra1 Rxh4 45. Ra7+ Ke6 46. Re8+
Kd5 47. Rd8+ Ke6 48. Re8+ Kd5 49. Rd8+ Ke6 1/2-1/2

[Event "Mitropa Cup (Women) 8th"]
[Site "Merlimont"]
[Date "2011.10.09"]
[Round "2"]
[White "Olsarova, Tereza"]
[Black "Varga, Klara"]
[Result "1-0"]
[WhiteElo "2244"]
[BlackElo "2183"]
[PlyCount "73"]
[EventDate "2011.10.08"]
[EventType "team-tourn"]
[EventRounds "10"]
[EventCountry "FRA"]
[Source "ChessBase"]
[SourceDate "2011.10.28"]
[WhiteTeam "Czech Republic (W)"]
[BlackTeam "Hungary (W)"]
[WhiteTeamCountry "CZE"]
[BlackTeamCountry "HUN"]

1. e4 e6 2. Nf3 d5 3. e5 c5 4. b4 cxb4 5. d4 Nc6 6. Bd3 Bd7 7. O-O Nh6 8. a3
Qb6 9. Be3 Rc8 10. Ng5 Nf5 11. axb4 Bxb4 12. c4 Nce7 13. c5 Qd8 14. Qh5 g6 15.
Qh3 h6 16. g4 Ng7 17. Rxa7 Rb8 18. Ra2 b6 19. cxb6 Qxb6 20. Na3 Qa5 21. Rfa1
Qd8 22. Nf3 Ng8 23. Nh4 Ne7 24. Ng2 Ng8 25. Nf4 Ne7 26. Qf1 g5 27. Nh3 Ng6 28.
f4 gxf4 29. Nxf4 Nxf4 30. Qxf4 Qg5 31. Qf3 Qh4 32. Rf2 O-O 33. Nc2 Be7 34. Ne1
f5 35. gxf5 exf5 36. Rg2 Be6 37. Bf2 1-0

[Event "Mitropa Cup (Women) 8th"]
[Site "Merlimont"]
[Date "2011.10.09"]
[Round "2"]
[White "Osmanodja, Filiz"]
[Black "Zimina, Olga"]
[Result "1/2-1/2"]
[WhiteElo "2039"]
[BlackElo "2337"]
[PlyCount "173"]
[EventDate "2011.10.08"]
[EventType "team-tourn"]
[EventRounds "10"]
[EventCountry "FRA"]
[Source "ChessBase"]
[SourceDate "2011.10.28"]
[WhiteTeam "Germany (W)"]
[BlackTeam "Italy (W)"]
[WhiteTeamCountry "GER"]
[BlackTeamCountry "ITA"]

1. e4 c6 2. d4 d5 3. Nc3 dxe4 4. Nxe4 h6 5. Nf3 Bf5 6. Ng3 Bh7 7. Bd3 Bxd3 8.
Qxd3 Nf6 9. Ne5 e6 10. Bd2 Bd6 11. f4 Nbd7 12. Nc4 Nb6 13. Nxd6+ Qxd6 14. O-O-O
O-O-O 15. Ne2 Qd5 16. Kb1 h5 17. Bb4 Ng4 18. Nc3 Qc4 19. Be7 Nf2 20. Qxc4 Nxc4
21. Bxd8 Rxd8 22. Ne2 Ne3 23. Rdf1 Nxh1 24. Rxh1 h4 25. Rg1 c5 26. c3 b6 27.
Kc1 g6 28. Kd2 Nf5 29. Kd3 Kc7 30. g4 hxg3 31. hxg3 cxd4 32. Nxd4 Nxd4 33. cxd4
Rh8 34. Ke4 Rh2 35. Ke5 Rxb2 36. Kf6 Rxa2 37. Kxf7 Kd6 38. Kxg6 Rf2 39. Ra1 Rf3
40. Rxa7 Rxg3+ 41. Kh5 Rc3 42. Kg5 Rg3+ 43. Kh5 b5 44. Rb7 Kc6 45. Re7 Kd5 46.
Rd7+ Ke4 47. Rb7 Rb3 48. Re7 Kd5 49. Kg5 b4 50. Kf6 Rf3 51. Rd7+ Kc6 52. Ke7 b3
53. Rd8 Re3 54. Rb8 Kd5 55. Rb4 Rh3 56. Kf6 Rf3 57. Ke7 Re3 58. Kf6 Rc3 59. Ke7
Rf3 60. Kd7 Rxf4 61. Rxb3 Rxd4 62. Rb5+ Kc4+ 63. Kc6 Rd5 64. Rb1 Kd4 65. Re1
Re5 66. Rd1+ Ke4 67. Re1+ Kf4 68. Rf1+ Kg5 69. Kd6 Re4 70. Rf8 e5 71. Kd5 Re3
72. Rf1 Kg4 73. Rf8 Kg3 74. Rf5 e4 75. Kd4 Re2 76. Rf6 Kg2 77. Re6 Kf3 78. Rf6+
Kg4 79. Rf7 e3 80. Kd3 Re1 81. Re7 Kf4 82. Rf7+ Kg4 83. Re7 Kf4 84. Rf7+ Kg5
85. Rf3 e2 86. Re3 Kf4 87. Rxe2 1/2-1/2

[Event "Mitropa Cup (Women) 8th"]
[Site "Merlimont"]
[Date "2011.10.09"]
[Round "2"]
[White "Sedina, Elena"]
[Black "Ohme, Melanie"]
[Result "1/2-1/2"]
[WhiteElo "2337"]
[BlackElo "2344"]
[PlyCount "86"]
[EventDate "2011.10.08"]
[EventType "team-tourn"]
[EventRounds "10"]
[EventCountry "FRA"]
[Source "ChessBase"]
[SourceDate "2011.10.28"]
[WhiteTeam "Italy (W)"]
[BlackTeam "Germany (W)"]
[WhiteTeamCountry "ITA"]
[BlackTeamCountry "GER"]

1. e4 e5 2. Nc3 Nf6 3. Nf3 Nc6 4. g3 Bc5 5. Bg2 d6 6. d3 a6 7. O-O O-O 8. h3 h6
9. Nh4 Nd4 10. Kh2 Be6 11. Be3 Ba7 12. Ne2 Nxe2 13. Qxe2 Bxe3 14. Qxe3 Nh7 15.
c3 Re8 16. d4 Ng5 17. dxe5 dxe5 18. Nf5 Qf6 19. h4 Nh7 20. Qc5 Bxf5 21. exf5 c6
22. Be4 Qd8 23. Rad1 Qc7 24. Rd2 Nf6 25. f3 Rad8 26. Rfd1 Rxd2+ 27. Rxd2 Rd8
28. Qe3 Rd6 29. Kg2 Qd8 30. Rxd6 Qxd6 31. Kf2 Qd1 32. Qe1 Nxe4+ 33. fxe4 Qc2+
34. Qe2 Qb1 35. a3 Qh1 36. Qf3 Qc1 37. Qe2 Kf8 38. Kg2 Qb1 39. Kf3 Ke7 40. Qd2
Qf1+ 41. Ke3 Qg1+ 42. Kf3 Qh1+ 43. Ke3 Qg1+ 1/2-1/2

[Event "Mitropa Cup (Women) 8th"]
[Site "Merlimont"]
[Date "2011.10.10"]
[Round "3"]
[White "Kessler, Michaela"]
[Black "Bea, Boglarka"]
[Result "1/2-1/2"]
[WhiteElo "2018"]
[BlackElo "2113"]
[PlyCount "72"]
[EventDate "2011.10.08"]
[EventType "team-tourn"]
[EventRounds "10"]
[EventCountry "FRA"]
[Source "ChessBase"]
[SourceDate "2011.10.28"]
[WhiteTeam "Austria (W)"]
[BlackTeam "Hungary (W)"]
[WhiteTeamCountry "AUT"]
[BlackTeamCountry "HUN"]

1. e4 e5 2. Nf3 Nc6 3. Bb5 a6 4. Ba4 Nf6 5. O-O Be7 6. Re1 b5 7. Bb3 O-O 8. a4
Bb7 9. Nc3 b4 10. Nd5 Na5 11. Ba2 Nxd5 12. exd5 b3 13. cxb3 Bxd5 14. Rxe5 c6
15. d4 Bd6 16. Rh5 Rb8 17. Qd3 g6 18. Ng5 Nxb3 19. Rxh7 Nxc1 20. Qh3 Qxg5 21.
Rh8+ Kg7 22. Rh7+ Kf6 23. Bxd5 cxd5 24. Qxd7 Bf4 25. Qc6+ Ke7 26. Rxc1 Rfd8 27.
Qc5+ Kf6 28. Re1 Re8 29. Qc6+ Re6 30. Rxe6+ fxe6 31. Qd7 Bxh2+ 32. Kxh2 Qf4+
33. Kg1 Qc1+ 34. Kh2 Qf4+ 35. Kh1 Qc1+ 36. Kh2 Qf4+ 1/2-1/2

[Event "Mitropa Cup (Women) 8th"]
[Site "Merlimont"]
[Date "2011.10.10"]
[Round "3"]
[White "Ohme, Melanie"]
[Black "Olsarova, Tereza"]
[Result "1-0"]
[WhiteElo "2344"]
[BlackElo "2244"]
[PlyCount "91"]
[EventDate "2011.10.08"]
[EventType "team-tourn"]
[EventRounds "10"]
[EventCountry "FRA"]
[Source "ChessBase"]
[SourceDate "2011.10.28"]
[WhiteTeam "Germany (W)"]
[BlackTeam "Czech Republic (W)"]
[WhiteTeamCountry "GER"]
[BlackTeamCountry "CZE"]

1. e4 e5 2. Nf3 Nc6 3. Bb5 a6 4. Ba4 Nf6 5. d3 b5 6. Bb3 Be7 7. O-O O-O 8. Re1
d6 9. c3 Na5 10. Bc2 c5 11. Nbd2 Nc6 12. Nf1 Re8 13. Ng3 Bf8 14. h3 Bb7 15. Nh2
h6 16. Ng4 Nh7 17. Nf5 Ne7 18. Nxe7+ Qxe7 19. f4 Rad8 20. Bb3 Qc7 21. Bd5 Bxd5
22. exd5 f5 23. Nf2 Qf7 24. c4 Nf6 25. b3 Nh5 26. fxe5 dxe5 27. Qf3 Bd6 28. Rf1
Qg6 29. Be3 Ng3 30. Rfe1 h5 31. Nh1 e4 32. dxe4 fxe4 33. Qd1 Rf8 34. Qc2 Rde8
35. Bf2 Nxh1 36. Kxh1 Qf5 37. Bg1 Qf4 38. Re2 Re7 39. Rae1 Rfe8 40. b4 cxb4 41.
c5 Rc7 42. Rxe4 Rxe4 43. Rxe4 Qf7 44. Qe2 Bxc5 45. Bxc5 Rxc5 46. Re8+ 1-0

[Event "Mitropa Cup (Women) 8th"]
[Site "Merlimont"]
[Date "2011.10.10"]
[Round "3"]
[White "Brunello, Marina"]
[Black "Motycakova, Monika"]
[Result "0-1"]
[WhiteElo "2215"]
[BlackElo "2102"]
[PlyCount "38"]
[EventDate "2011.10.08"]
[EventType "team-tourn"]
[EventRounds "10"]
[EventCountry "FRA"]
[Source "ChessBase"]
[SourceDate "2011.10.28"]
[WhiteTeam "Italy (W)"]
[BlackTeam "Slovakia (W)"]
[WhiteTeamCountry "ITA"]
[BlackTeamCountry "SVK"]

1. e4 e5 2. Nf3 Nc6 3. d4 exd4 4. Nxd4 Bc5 5. Be3 Qf6 6. c3 Nge7 7. Bc4 b6 8.
O-O Bb7 9. Nc2 Ne5 10. Bd3 O-O-O 11. Bd4 d5 12. exd5 Bxd4 13. Nxd4 Nxd5 14.
Bf5+ Kb8 15. Qc2 Nb4 16. cxb4 Rxd4 17. Nc3 Nf3+ 18. Kh1 Rh4 19. h3 Nd4 0-1